[Event "Asia zt 3.2"]
[Site "Dhaka"]
[Date "2023.05.07"]
[Round "6"]
[White "Rahman, Tahmidur"]
[Black "Ghosh, Chanchal Kumer"]
[Result "1-0"]
[WhiteElo "2171"]
[BlackElo "2020"]
[PlyCount "93"]
[EventDate "2023.05.02"]
[EventType "swiss"]
[EventRounds "9"]
[EventCountry "BAN"]
[SourceTitle "CBM 214 Extra"]
[Source "ChessBase"]
[SourceDate "2023.07.31"]
[SourceVersion "1"]
[SourceVersionDate "2023.07.31"]
[SourceQuality "1"]

1. d4 Nf6 2. c4 e5 3. dxe5 Ng4 4. e3 Nxe5 5. Nc3 Bb4 6. Bd2 a5 7. a3 Bc5 8. f4 Ng6 9. Qh5 d6 10. Nf3 Nd7 11. 0-0-0 Nf6 12. Qg5 c6 13. Bd3 Qe7 14. Nd4 Bg4 15. Nf5 Qf8 16. Ne4 Nxe4 17. Bxe4 Bxd1 18. Rxd1 f6 19. Qg4 Qf7 20. Bc3 0-0 21. Kb1 Rfe8 22. Bd3 Kh8 23. Qh5 Ne5 24. Nxg7 Qxg7 25. fxe5 fxe5 26. Bf5 a4 27. e4 Re7 28. Bd2 Rg8 29. g4 Bd4 30. Bh6 Qf7 31. Qh4 Re6 32. Rd3 Reg6 33. Bxg6 Rxg6 34. Qd8+ Rg8 35. Qxd6 Rg6 36. Qd8+ Rg8 37. Rxd4 exd4 38. Qxd4+ Rg7 39. Bxg7+ Qxg7 40. Qd8+ Qg8 41. Qxg8+ Kxg8 42. Kc2 Kf7 43. Kd3 Kf6 44. h4 Ke5 45. Ke3 b6 46. g5 Kd6 47. Kf4 1-0

[Event "Asia zt 3.2"]
[Site "Dhaka"]
[Date "2023.05.06"]
[Round "5"]
[White "Subrota, Biswas"]
[Black "Rahman, Tahmidur"]
[Result "1-0"]
[WhiteElo "2239"]
[BlackElo "2171"]
[PlyCount "121"]
[EventDate "2023.05.02"]
[EventType "swiss"]
[EventRounds "9"]
[EventCountry "BAN"]
[SourceTitle "CBM 214 Extra"]
[Source "ChessBase"]
[SourceDate "2023.07.31"]
[SourceVersion "1"]
[SourceVersionDate "2023.07.31"]
[SourceQuality "1"]

1. e4 c5 2. Nf3 e6 3. d4 cxd4 4. Nxd4 Nf6 5. Bd3 Nc6 6. Nxc6 bxc6 7. 0-0 e5 8. Nd2 Be7 9. Nc4 Qc7 10. Qe2 0-0 11. f4 d6 12. Bd2 Bg4 13. Qe1 Be6 14. Ba5 Qb8 15. Bc3 exf4 16. e5 Nd5 17. Bd4 Ne3 18. exd6 Bxd6 19. Nxe3 fxe3 20. Qxe3 Qd8 21. Qe4 g6 22. Bf6 Qb6+ 23. Kh1 Rfe8 24. Bc3 Bd5 25. Qh4 Be5 26. Bxe5 Rxe5 27. c4 Be6 28. Qf6 Re3 29. Rad1 Qd8 30. Qc3 Qg5 31. Qc2 Rd8 32. Be2 Rxd1 33. Rxd1 Qe5 34. Bf1 Kg7 35. b3 Bg4 36. Rc1 h5 37. Qd2 h4 38. h3 Be6 39. Rd1 c5 40. Qd6 Qe4 41. Qxc5 Rxh3+ 42. Kg1 Rc3 43. Qxa7 h3 44. Qd4+ Qxd4+ 45. Rxd4 Rc1 46. Rf4 g5 47. Rf2 hxg2 48. Kxg2 f5 49. b4 Bxc4 50. Bxc4 Rxc4 51. Rb2 Kf6 52. b5 Rg4+ 53. Kf3 Rf4+ 54. Ke3 Re4+ 55. Kd3 g4 56. b6 g3 57. b7 g2 58. b8Q g1Q 59. Rb6+ Re6 60. Qf8+ Ke5 61. Rb5+ 1-0

[Event "Asia zt 3.2"]
[Site "Dhaka"]
[Date "2023.05.05"]
[Round "4"]
[White "Rahman, Tahmidur"]
[Black "Md Abu, Hanif"]
[Result "1-0"]
[WhiteElo "2171"]
[BlackElo "2064"]
[PlyCount "59"]
[EventDate "2023.05.02"]
[EventType "swiss"]
[EventRounds "9"]
[EventCountry "BAN"]
[SourceTitle "CBM 214 Extra"]
[Source "ChessBase"]
[SourceDate "2023.07.31"]
[SourceVersion "1"]
[SourceVersionDate "2023.07.31"]
[SourceQuality "1"]

1. d4 d5 2. c4 c6 3. Nf3 Nf6 4. Nc3 e6 5. Bg5 Be7 6. e3 Nbd7 7. Qc2 0-0 8. cxd5 exd5 9. Bd3 Re8 10. 0-0 Nf8 11. Rab1 h6 12. Bh4 Ne4 13. Bxe7 Qxe7 14. b4 a6 15. a4 Ng5 16. Nd2 b5 17. Ra1 Bg4 18. Rfb1 Nge6 19. Nb3 Nd7 20. axb5 axb5 21. Rxa8 Rxa8 22. Na5 Nd8 23. Nxc6 Nxc6 24. Nxd5 Qg5 25. Qxc6 Ra3 26. Be4 g6 27. Qd6 Kg7 28. Qe7 Qh5 29. h3 Be6 30. Nf4 1-0

[Event "Dhaka Year Long IM 1st"]
[Site "Dhaka"]
[Date "2021.10.05"]
[Round "8"]
[White "Rahman, Tahmidur"]
[Black "Mehdi, Hasan Parag"]
[Result "0-1"]
[WhiteElo "2223"]
[BlackElo "2154"]
[PlyCount "88"]
[EventDate "2021.09.29"]
[EventType "tourn"]
[EventRounds "11"]
[EventCountry "BAN"]
[EventCategory "1"]
[SourceTitle "CBM 204 Extra"]
[Source "ChessBase"]
[SourceDate "2021.11.30"]
[SourceVersion "1"]
[SourceVersionDate "2021.11.30"]
[SourceQuality "1"]

1. d4 Nf6 2. c4 e6 3. Nf3 d5 4. Nc3 Bb4 5. cxd5 exd5 6. Bg5 h6 7. Bh4 0-0 8. e3 Bf5 9. Be2 Nbd7 10. Qb3 Bxc3+ 11. Qxc3 c6 12. Nd2 Ne4 13. Bxd8 Nxc3 14. bxc3 Rfxd8 15. a4 Rac8 16. Nf1 Nf6 17. Ng3 Bg6 18. f3 c5 19. Kd2 cxd4 20. exd4 Ne8 21. a5 Nd6 22. h4 Rc7 23. h5 Bh7 24. Ra3 Re8 25. Rha1 Rce7 26. Bf1 Nc4+ 27. Bxc4 dxc4 28. Rd1 Bd3 29. Kc1 f5 30. Ra4 b5 31. axb6 axb6 32. Rb4 Ra7 33. Rb2 Ra3 34. Rxd3 cxd3 35. Kd2 Rc8 36. Nxf5 Rcxc3 37. d5 Rc5 38. g4 Rc2+ 39. Rxc2 dxc2 40. d6 Rc3 41. Kc1 Rxf3 42. Kxc2 Rxf5 43. gxf5 Kf7 44. Kc3 Ke8 0-1

[Event "Sheikh Kamal Online Inv"]
[Site "Tornelo INT"]
[Date "2021.08.29"]
[Round "9"]
[White "Rahman, Tahmidur"]
[Black "Anata, Choudhury"]
[Result "0-1"]
[WhiteElo "2199"]
[BlackElo "2164"]
[PlyCount "96"]
[EventDate "2021.08.27"]
[EventType "tourn (rapid)"]
[EventRounds "9"]
[EventCountry "BAN"]
[SourceTitle "CBM 204 Extra"]
[Source "ChessBase"]
[SourceDate "2021.11.30"]
[SourceVersion "1"]
[SourceVersionDate "2021.11.30"]
[SourceQuality "1"]

1. d4 Nf6 2. c4 e6 3. Nc3 Bb4 4. e3 0-0 5. Nf3 b6 6. Bd3 Bb7 7. 0-0 c5 8. Qe2 cxd4 9. exd4 d5 10. Bg5 Bxc3 11. bxc3 dxc4 12. Bxc4 Nbd7 13. Rac1 Rc8 14. Bd3 Qc7 15. c4 Rfe8 16. Rfe1 Qd6 17. Red1 e5 18. Bf5 exd4 19. Qc2 Bxf3 20. gxf3 Rcd8 21. Bxd7 Rxd7 22. Qf5 Re5 23. Qf4 Rc5 24. Qd2 h6 25. Bf4 Qc6 26. Qd3 Qb7 27. Re1 Rc8 28. Be5 Nh7 29. h4 Nf8 30. Re4 Rc6 31. Rg4 Rg6 32. Re1 h5 33. Rg3 Rxg3+ 34. fxg3 Qc6 35. Rd1 Ne6 36. Re1 Nc5 37. Qf5 Qe6 38. Qxh5 f6 39. f4 Rd8 40. Re2 fxe5 41. Rxe5 Qf7 42. Qg5 Re8 43. Rf5 Qe7 44. Qg6 Qe6 45. Qxe6+ Rxe6 46. Rd5 d3 47. f5 Re2 48. g4 d2 0-1

[Event "Sheikh Kamal Online Inv"]
[Site "Tornelo INT"]
[Date "2021.08.27"]
[Round "1"]
[White "Rahman, Tahmidur"]
[Black "Kazi Zarin, Tasnim"]
[Result "1-0"]
[WhiteElo "2199"]
[BlackElo "1822"]
[PlyCount "77"]
[EventDate "2021.08.27"]
[EventType "tourn (rapid)"]
[EventRounds "9"]
[EventCountry "BAN"]
[SourceTitle "CBM 204 Extra"]
[Source "ChessBase"]
[SourceDate "2021.11.30"]
[SourceVersion "1"]
[SourceVersionDate "2021.11.30"]
[SourceQuality "1"]

1. d4 d5 2. c4 c6 3. Nf3 Nf6 4. Nc3 e6 5. Bg5 Nbd7 6. cxd5 exd5 7. e3 Be7 8. Be2 0-0 9. 0-0 h6 10. Bh4 Re8 11. Qc2 Ne4 12. Bxe7 Qxe7 13. Rab1 Ndf6 14. b4 Bf5 15. Bd3 Nxc3 16. Qxc3 Bxd3 17. Qxd3 a6 18. a4 Qe4 19. Qc3 Rac8 20. Rfc1 Qe6 21. Qd3 Qe4 22. Qb3 Qe7 23. b5 axb5 24. axb5 c5 25. dxc5 Rxc5 26. Rxc5 Qxc5 27. Nd4 Ne4 28. h3 Rc8 29. Nf5 d4 30. g4 Nd2 31. exd4 Qf8 32. Qe3 Nxb1 33. Ne7+ Kh8 34. Nxc8 Qxc8 35. d5 Nc3 36. Qd3 Na4 37. d6 Nc5 38. Qc4 b6 39. Qxf7 1-0

[Event "Sheikh Kamal Online Inv"]
[Site "Tornelo INT"]
[Date "2021.08.27"]
[Round "3"]
[White "Swarnavo, Choudhury"]
[Black "Rahman, Tahmidur"]
[Result "0-1"]
[WhiteElo "2079"]
[BlackElo "2199"]
[PlyCount "112"]
[EventDate "2021.08.27"]
[EventType "tourn (rapid)"]
[EventRounds "9"]
[EventCountry "BAN"]
[SourceTitle "CBM 204 Extra"]
[Source "ChessBase"]
[SourceDate "2021.11.30"]
[SourceVersion "1"]
[SourceVersionDate "2021.11.30"]
[SourceQuality "1"]

1. e4 c5 2. d4 cxd4 3. c3 Nf6 4. e5 Nd5 5. cxd4 d6 6. Nf3 e6 7. Bb5+ Bd7 8. Bc4 Be7 9. 0-0 Bc6 10. Re1 0-0 11. Nc3 Nxc3 12. bxc3 Nd7 13. Bf4 dxe5 14. Nxe5 Nxe5 15. Bxe5 Bf6 16. Bd3 Rc8 17. Rc1 Bxe5 18. Rxe5 Qf6 19. Qg4 Rfd8 20. Bc4 Bxg2 21. Be2 Bc6 22. f3 Rd5 23. Rxd5 Bxd5 24. c4 Bc6 25. h4 Rd8 26. Rd1 b6 27. Kf2 h5 28. Qg5 Qxg5 29. hxg5 g6 30. d5 exd5 31. cxd5 Rxd5 32. Rc1 Rc5 33. Rd1 Rc2 34. Rd8+ Kg7 35. Ke3 Rxa2 36. Rc8 Ra3+ 37. Kd4 Bxf3 38. Bc4 Ra4 39. Rc7 Be2 40. Rxf7+ Kg8 41. Rxa7+ Rxc4+ 42. Ke5 Bg4 43. Rb7 Rc5+ 44. Kf6 Rc6+ 45. Ke7 Re6+ 46. Kd8 Re5 47. Rb8 Rxg5 48. Ke7+ Kg7 49. Rb7 h4 50. Kd6+ Kh6 51. Ke7 h3 52. Kf6 Rf5+ 53. Ke7 h2 54. Rb8 Kg7 55. Rb7 h1Q 56. Ke8+ Qxb7 0-1

[Event "BAN Games 9th"]
[Site "Dhaka"]
[Date "2021.04.05"]
[Round "2.3"]
[White "Rahman, Tahmidur"]
[Black "Mohammad Fahad, Rahman"]
[Result "1/2-1/2"]
[WhiteElo "2189"]
[BlackElo "2321"]
[PlyCount "106"]
[EventDate "2021.04.04"]
[EventType "team-swiss"]
[EventRounds "5"]
[EventCountry "BAN"]
[SourceTitle "CBM 202 Extra"]
[Source "ChessBase"]
[SourceDate "2021.07.31"]
[SourceVersion "1"]
[SourceVersionDate "2021.07.31"]
[SourceQuality "1"]
[WhiteTeam "Bangladesh Biman"]
[BlackTeam "Bangladesh Ansar/VDP"]
[WhiteTeamCountry "BAN"]
[BlackTeamCountry "BAN"]

1. d4 d5 2. c4 c6 3. Nf3 Nf6 4. Nc3 e6 5. Bg5 Nbd7 6. e3 Qa5 7. Nd2 Bb4 8. Rc1 Ne4 9. Ndxe4 dxe4 10. Bh4 Qxa2 11. Qc2 Nb6 12. Be2 Na4 13. 0-0 Bxc3 14. bxc3 Nxc3 15. Qxc3 Qxe2 16. Qa3 f6 17. f3 a5 18. fxe4 Qh5 19. Bg3 Kf7 20. e5 f5 21. e4 g6 22. exf5 gxf5 23. Rf4 Qg5 24. Rcf1 Rg8 25. R1f2 Qe7 26. Qf3 Rg6 27. Qh5 Kg8 28. Bh4 Qf7 29. Qf3 a4 30. Bf6 b6 31. h4 h5 32. Bg5 Bb7 33. Qxh5 a3 34. Ra2 b5 35. Qd1 bxc4 36. Qc1 Qf8 37. Rf3 c5 38. Rfxa3 Rxa3 39. Qxa3 cxd4 40. Qb2 Qc8 41. Qxd4 Rg7 42. Rc2 Rc7 43. Bf6 Be4 44. Rc3 Bd3 45. Qe3 Kh7 46. Ra3 Qf8 47. Qf3 Qxa3 48. Qh5+ Kg8 49. Qh8+ Kf7 50. Qg7+ Ke8 51. Qxc7 Qc1+ 52. Kh2 Qf4+ 53. Kh1 Qf1+ 1/2-1/2

[Event "BAN Games Rapid 9th"]
[Site "Dhaka"]
[Date "2021.04.03"]
[Round "8.6"]
[White "Md Akik, Miha"]
[Black "Rahman, Tahmidur"]
[Result "0-1"]
[WhiteElo "1720"]
[BlackElo "2189"]
[PlyCount "78"]
[EventDate "2021.04.02"]
[EventType "swiss (rapid)"]
[EventRounds "9"]
[EventCountry "BAN"]
[SourceTitle "CBM 201 Extra"]
[Source "ChessBase"]
[SourceDate "2021.05.31"]
[SourceVersion "1"]
[SourceVersionDate "2021.05.31"]
[SourceQuality "1"]

1. e4 c5 2. Nf3 Nc6 3. c3 Nf6 4. d3 g6 5. Be2 Bg7 6. 0-0 0-0 7. h3 d6 8. Be3 Rb8 9. Qc2 b5 10. Nbd2 b4 11. d4 bxc3 12. bxc3 cxd4 13. Nxd4 Bd7 14. Nxc6 Bxc6 15. Bxa7 Rc8 16. Rfc1 Qa5 17. Be3 Nd7 18. Nb3 Qa8 19. f3 Ba4 20. Qd2 Rc7 21. Rab1 Rfc8 22. c4 Ne5 23. Na5 Nd7 24. Kh1 Nc5 25. Nb3 Nd7 26. Bf1 Nf6 27. g3 Nd7 28. Be2 Ne5 29. Na5 h5 30. Kh2 Kh7 31. Bb6 Bh6 32. f4 Rd7 33. Qd4 Nc6 34. Nxc6 Bxc6 35. Qd2 Bxe4 36. Rb4 h4 37. Rf1 hxg3+ 38. Kxg3 Rb7 39. Rb3 Rcb8 0-1

[Event "BAN Games Rapid 9th"]
[Site "Dhaka"]
[Date "2021.04.03"]
[Round "9.5"]
[White "Rahman, Tahmidur"]
[Black "Anata, Choudhury"]
[Result "0-1"]
[WhiteElo "2189"]
[BlackElo "2184"]
[PlyCount "116"]
[EventDate "2021.04.02"]
[EventType "swiss (rapid)"]
[EventRounds "9"]
[EventCountry "BAN"]
[SourceTitle "CBM 201 Extra"]
[Source "ChessBase"]
[SourceDate "2021.05.31"]
[SourceVersion "1"]
[SourceVersionDate "2021.05.31"]
[SourceQuality "1"]

1. d4 Nf6 2. Bg5 d5 3. e3 c5 4. Bxf6 gxf6 5. Nf3 Nc6 6. Nc3 e6 7. g3 Bd7 8. Bg2 a6 9. 0-0 Bd6 10. e4 cxd4 11. Nxd4 Nxd4 12. Qxd4 Be5 13. Qd2 dxe4 14. Rfd1 f5 15. Qe3 Qc7 16. f3 0-0-0 17. fxe4 f4 18. gxf4 Bxf4 19. Qh3 Rhg8 20. Kh1 Rg6 21. Ne2 Rh6 22. Nxf4 Rxh3 23. Nxh3 Bc6 24. c3 Rg8 25. Rd2 Qe5 26. Re1 f5 27. Rde2 Rxg2 28. Kxg2 Bxe4+ 29. Rxe4 fxe4 30. Nf2 Qg5+ 31. Kf1 e3 32. Nd1 Qf4+ 33. Ke2 Qxh2+ 34. Kxe3 h5 35. Nf2 Qg3+ 36. Ke2 Qe5+ 37. Kf1 Qb5+ 38. Re2 Qf5 39. Kg2 h4 40. Re3 Qg5+ 41. Kf3 Qd5+ 42. Re4 h3 43. c4 Qh5+ 44. Kg3 h2 45. Rh4 Qe5+ 46. Kg2 Qg5+ 47. Rg4 Qd2 48. Rh4 Qxb2 49. Rxh2 Qxa2 50. Rh4 Qc2 51. Re4 a5 52. Kf3 a4 53. Re3 Qxc4 54. Ne4 Qf1+ 55. Nf2 Qc1 56. Ne4 Qh1+ 57. Ke2 a3 58. Rxa3 Qxe4+ 0-1

[Event "BAN Games Blitz 9th"]
[Site "Dhaka"]
[Date "2021.04.03"]
[Round "6.6"]
[White "Rahman, Tahmidur"]
[Black "Ghosh, Chanchal Kumer"]
[Result "1-0"]
[WhiteElo "2189"]
[BlackElo "2052"]
[PlyCount "49"]
[EventDate "2021.04.03"]
[EventType "swiss (blitz)"]
[EventRounds "9"]
[EventCountry "BAN"]
[SourceTitle "CBM 201 Extra"]
[Source "ChessBase"]
[SourceDate "2021.05.31"]
[SourceVersion "1"]
[SourceVersionDate "2021.05.31"]
[SourceQuality "1"]

1. d4 d5 2. c4 e6 3. Nc3 Nf6 4. cxd5 exd5 5. Bg5 Be7 6. e3 a6 7. Bd3 0-0 8. Qc2 h6 9. Bh4 Nbd7 10. Nf3 c5 11. 0-0 c4 12. Bf5 b5 13. Ne5 Bb7 14. Rad1 Nb6 15. a3 Qd6 16. Bg3 Qd8 17. Rfe1 b4 18. axb4 Bxb4 19. Bh4 Re8 20. e4 g5 21. Bg3 dxe4 22. h4 Bxc3 23. bxc3 Nfd5 24. hxg5 hxg5 25. Bxe4 1-0

[Event "Olympiad-31"]
[Site "Moscow"]
[Date "1994.12.10"]
[Round "9.4"]
[White "Mohr, Georg"]
[Black "Rahman, Tahmidur"]
[Result "1-0"]
[WhiteElo "2435"]
[BlackElo "2310"]
[PlyCount "105"]
[EventDate "1994.12.01"]
[EventType "team-swiss"]
[EventRounds "14"]
[EventCountry "RUS"]
[SourceTitle "CBM 045"]
[Source "ChessBase"]
[SourceDate "1995.04.01"]
[SourceVersion "1"]
[SourceVersionDate "1995.04.01"]
[SourceQuality "1"]
[WhiteTeam "Slovenia"]
[BlackTeam "Bangladesh"]
[WhiteTeamCountry "SLO"]
[BlackTeamCountry "BAN"]

1. e4 e6 2. d4 d5 3. Nd2 c5 4. exd5 Qxd5 5. Ngf3 cxd4 6. Bc4 Qd6 7. 0-0 Nf6 8. Nb3 Nc6 9. Nbxd4 Nxd4 10. Nxd4 Bd7 11. c3 Be7 12. Qe2 0-0 13. Bg5 Rac8 14. Bb3 Rfe8 15. Rfe1 Qc5 16. Bh4 Nd5 17. Bxe7 Rxe7 18. Rad1 b5 19. Qe5 Rce8 20. Nc2 f6 21. Qd4 Qxd4 22. Nxd4 Kf8 23. Bxd5 exd5 24. Rxe7 Rxe7 25. f3 Re5 26. Kf2 Ke7 27. Ne2 Kd6 28. Nf4 a5 29. a3 Be8 30. Rd4 g5 31. Ne2 Bg6 32. g4 Re8 33. Ng3 Re7 34. Nf1 Bf7 35. Ne3 Be6 36. Ke2 Rc7 37. Kd3 Rc8 38. a4 Rb8 39. b4 bxa4 40. bxa5 a3 41. Ra4 Ra8 42. Rxa3 Kc5 43. Nc2 Bd7 44. Nd4 Ra6 45. Ra1 Bc8 46. Rb1 Kd6 47. Ra1 Ra8 48. Kd2 Ra6 49. Nc2 Bd7 50. Nb4 Ra7 51. a6 Bb5 52. Ra5 Kc5 53. Nxd5 1-0

[Event "Kolkata op2"]
[Site "Kolkata"]
[Date "1994.??.??"]
[Round "?"]
[White "Rahman, Tahmidur"]
[Black "Narayana, Samy S"]
[Result "1-0"]
[WhiteElo "2280"]
[BlackElo "2255"]
[PlyCount "79"]
[EventDate "1994.??.??"]
[EventType "swiss"]
[EventRounds "11"]
[EventCountry "IND"]
[SourceTitle "EXT 1997"]
[Source "ChessBase"]
[SourceDate "1996.11.15"]
[SourceVersion "1"]
[SourceVersionDate "1996.11.15"]
[SourceQuality "1"]

1. d4 Nf6 2. Nf3 d5 3. c4 c6 4. Nc3 dxc4 5. a4 Bg4 6. Ne5 Bh5 7. g3 e6 8. Bg2 Bb4 9. 0-0 Bxc3 10. bxc3 Nd5 11. Qd2 Bg6 12. Nxc4 Nb6 13. Na5 Qc7 14. Qb2 N8d7 15. Bf4 Qc8 16. c4 0-0 17. Bd6 Re8 18. c5 Nd5 19. e4 N5f6 20. e5 Nd5 21. Qxb7 Qxb7 22. Nxb7 a5 23. f4 Ra7 24. f5 Bxf5 25. Rxf5 exf5 26. Bxd5 cxd5 27. c6 Nb6 28. Bc5 Ra6 29. Nd6 Rea8 30. Bxb6 Rxb6 31. Rc1 Kf8 32. c7 Rb4 33. c8Q+ Rxc8 34. Rxc8+ Ke7 35. Rc7+ Kd8 36. Rxf7 Rb1+ 37. Kg2 Rb2+ 38. Kg1 g6 39. e6 Re2 40. Rd7# 1-0

[Event "Olympiad-30"]
[Site "Manila"]
[Date "1992.06.22"]
[Round "13.4"]
[White "Clarke, Thomas M"]
[Black "Rahman, Tahmidur"]
[Result "0-1"]
[WhiteElo "2225"]
[BlackElo "2265"]
[PlyCount "80"]
[EventDate "1992.06.08"]
[EventType "team-swiss"]
[EventRounds "14"]
[EventCountry "PHI"]
[SourceTitle "TD"]
[Source "ChessBase"]
[SourceDate "1994.03.01"]
[SourceVersion "1"]
[SourceVersionDate "1994.03.01"]
[SourceQuality "1"]
[WhiteTeam "Ireland"]
[BlackTeam "Bangladesh"]
[WhiteTeamCountry "IRL"]
[BlackTeamCountry "BAN"]

1. e4 e6 2. d4 d5 3. Nd2 a6 4. Ngf3 c5 5. exd5 exd5 6. Be2 Nc6 7. dxc5 Bxc5 8. 0-0 Nf6 9. Nb3 Be7 10. a4 Bg4 11. a5 0-0 12. Be3 Ne4 13. Bb6 Qd7 14. Nfd4 Bxe2 15. Nxe2 Bd8 16. Nc5 Qe7 17. Qxd5 Nf6 18. Qc4 Ne5 19. Bxd8 Rfxd8 20. Qc3 Nd5 21. Qd4 Nc6 22. Qc4 Rac8 23. Na4 Ncb4 24. Qg4 Nf6 25. Qf3 Rxc2 26. Nec3 Rd3 27. Qf4 Qd6 28. Qc4 Nc6 29. Nc5 Rd4 30. Nxb7 Qxh2+ 31. Kxh2 Rxc4 32. Rab1 Rb4 33. Nc5 Nxa5 34. Nxa6 Rh4+ 35. Kg3 Rg4+ 36. Kf3 Nc4 37. Nb4 Nd2+ 38. Ke3 Nxf1+ 39. Rxf1 Rxb4 40. Rd1 g6 0-1

[Event "Doha op"]
[Site "Doha"]
[Date "1992.??.??"]
[Round "7"]
[White "Rahman, Tahmidur"]
[Black "Al Khateeb, Ahmed Thabit"]
[Result "0-1"]
[WhiteElo "2265"]
[BlackElo "2250"]
[PlyCount "68"]
[EventDate "1992.??.??"]
[EventType "swiss"]
[EventRounds "11"]
[EventCountry "QAT"]
[SourceTitle "EXT 1997"]
[Source "ChessBase"]
[SourceDate "1996.11.15"]
[SourceVersion "1"]
[SourceVersionDate "1996.11.15"]
[SourceQuality "1"]

1. d4 Nf6 2. Nf3 g6 3. c4 Bg7 4. Nc3 0-0 5. e4 d6 6. Be2 e5 7. 0-0 Nc6 8. d5 Ne7 9. Nd2 Ne8 10. b4 f5 11. f3 Bh6 12. Qc2 Be3+ 13. Kh1 f4 14. Rb1 g5 15. Nd1 Bxd2 16. Bxd2 Nf6 17. c5 g4 18. cxd6 cxd6 19. Rc1 g3 20. h3 Ne8 21. Qa4 Ng6 22. Rxc8 Rxc8 23. Nc3 Qb6 24. Qb5 Qd4 25. Qd3 Rf7 26. Nb5 Qxd3 27. Bxd3 a6 28. Nc3 Rfc7 29. Ne2 Rc2 30. Bxc2 Rxc2 31. Rd1 Rxa2 32. Nc3 Rb2 33. Na4 Rc2 34. Be1 Nc7 0-1

[Event "Olympiad-29"]
[Site "Novi Sad"]
[Date "1990.12.01"]
[Round "13"]
[White "Rahman, Tahmidur"]
[Black "Wong, Meng Kong"]
[Result "0-1"]
[WhiteElo "2310"]
[BlackElo "2385"]
[PlyCount "76"]
[EventDate "1990.11.17"]
[EventType "team-swiss"]
[EventRounds "14"]
[EventCountry "YUG"]
[SourceTitle "EXT 2019"]
[Source "ChessBase"]
[SourceDate "2018.10.10"]
[SourceVersion "1"]
[SourceVersionDate "2018.10.10"]
[SourceQuality "1"]
[WhiteTeam "Bangladesh"]
[BlackTeam "Singapore"]
[WhiteTeamCountry "BAN"]
[BlackTeamCountry "SIN"]

1. d4 Nf6 2. c4 g6 3. Nc3 Bg7 4. e4 d6 5. Be2 0-0 6. Nf3 e5 7. 0-0 Nc6 8. d5 Ne7 9. Ne1 Nd7 10. Nd3 f5 11. Bd2 Rf7 12. Rc1 Nf6 13. f3 f4 14. c5 g5 15. cxd6 cxd6 16. Nf2 h5 17. h3 Ng6 18. Qc2 g4 19. fxg4 hxg4 20. hxg4 Ne8 21. Nh3 Bf8 22. Be1 Rh7 23. Nb5 Bd7 24. a4 Be7 25. Qb3 a6 26. Na3 b5 27. axb5 axb5 28. Nf2 Bh4 29. Bxb5 Rb8 30. Qa4 Bxb5 31. Nxb5 Bg3 32. Nc3 Nh4 33. Qd1 Rxb2 34. Rb1 Rxf2 35. Bxf2 Nf3+ 36. gxf3 Rh1+ 37. Kg2 Rh2+ 38. Kg1 Qh4 0-1

[Event "Olympiad-29"]
[Site "Novi Sad"]
[Date "1990.11.30"]
[Round "12"]
[White "Rahman, Tahmidur"]
[Black "Brestian, Egon"]
[Result "0-1"]
[WhiteElo "2310"]
[BlackElo "2470"]
[PlyCount "75"]
[EventDate "1990.11.17"]
[EventType "team-swiss"]
[EventRounds "14"]
[EventCountry "YUG"]
[SourceTitle "EXT 2019"]
[Source "ChessBase"]
[SourceDate "2018.10.10"]
[SourceVersion "1"]
[SourceVersionDate "2018.10.10"]
[SourceQuality "1"]
[WhiteTeam "Bangladesh"]
[BlackTeam "Austria"]
[WhiteTeamCountry "BAN"]
[BlackTeamCountry "AUT"]

1. d4 Nf6 2. c4 d6 3. Nf3 Nbd7 4. Nc3 e5 5. e4 Be7 6. Be2 0-0 7. 0-0 c6 8. h3 Re8 9. Be3 Qc7 10. Rc1 Nf8 11. Re1 Ng6 12. Bf1 h6 13. Qd2 Bf8 14. d5 c5 15. a3 Nd7 16. Kh2 Qd8 17. g3 b6 18. Bd3 Nf6 19. Qc2 Nh7 20. b4 Qd7 21. Ng1 Be7 22. Qd2 Ng5 23. Bf1 Bd8 24. Bg2 Nh7 25. Bf3 Bg5 26. Bd1 Bxe3 27. Qxe3 Qe7 28. Ba4 Rf8 29. Bc6 Rb8 30. bxc5 bxc5 31. Rb1 Ba6 32. Qd3 Qc7 33. Bb5 Bxb5 34. Nxb5 Qd7 35. Re2 Ne7 36. Reb2 f5 37. Nc3 Rxb2 38. Rxb2 0-1